[Event "15th LCC Super Rapid 2025"]
[Site "London ENG"]
[Date "2025.12.07"]
[Round "8.12"]
[White "Grutter, Tim"]
[Black "McShane, Luke J"]
[Result "1-0"]
[WhiteTitle "IM"]
[BlackTitle "GM"]
[WhiteElo "2399"]
[BlackElo "2615"]
[WhiteFideId "1057472"]
[BlackFideId "404853"]
[EventDate "2025.12.06"]

1. e4 e5 2. Nf3 Nc6 3. Bb5 a6 4. Ba4 Nf6 5. O-O d6 6. Re1 Bd7 7. Bxc6 Bxc6 8.
Nc3 Be7 9. d4 exd4 10. Nxd4 Bd7 11. h3 O-O 12. Qf3 Re8 13. Bf4 Qc8 14. Rad1 b5
15. Nb3 Qb7 16. Nd5 Nxd5 17. exd5 Bf6 18. c3 b4 19. c4 Bxb2 20. c5 dxc5 21. Nxc5
Qb5 22. Nxd7 Qxd7 23. Rxe8+ Rxe8 24. Qb3 Bc3 25. Qc4 Qa4 26. Rd3 Qc2 27. Re3 Rd8
28. Bxc7 Qc1+ 29. Qf1 Qxf1+ 30. Kxf1 Ra8 31. d6 Bd4 32. d7 1-0

[Event "15th LCC Super Rapid 2025"]
[Site "London ENG"]
[Date "2025.12.07"]
[Round "8.13"]
[White "McPhillips, Joseph"]
[Black "Shetty, Atulya"]
[Result "0-1"]
[WhiteTitle "IM"]
[BlackTitle "IM"]
[WhiteElo "2388"]
[BlackElo "2455"]
[WhiteFideId "422487"]
[BlackFideId "2031213"]
[EventDate "2025.12.06"]

1. e4 e6 2. c3 d5 3. Bd3 c5 4. Nf3 dxe4 5. Bxe4 Nf6 6. Bc2 Nc6 7. O-O Be7 8. Re1
O-O 9. d4 Qc7 10. dxc5 Rd8 11. Qe2 Bxc5 12. Be3 Bxe3 13. Qxe3 b6 14. Nbd2 Bb7
15. Ne4 Nd5 16. Qg5 h6 17. Qh4 Nce7 18. Nd4 Ng6 19. Qg4 Ndf4 20. Bb3 Bd5 21.
Bxd5 Rxd5 22. Qf3 Rad8 23. g3 Nh3+ 24. Kh1 Ng5 25. Nxg5 hxg5 26. Kg1 Ne5 27. Qe2
g4 28. Red1 Qd7 29. h3 Nf3+ 30. Kg2 e5 31. hxg4 Ng5 32. f4 exd4 33. fxg5 d3 34.
Qf3 d2 35. Qf4 Re8 36. Kf2 Rd3 37. Qf5 Re6 38. a4 Rde3 39. Qb5 Qd6 40. Rg1 R6e5
41. Qc4 Re8 42. g6 Qxg6 43. Rad1 Qf6+ 44. Qf4 Re2+ 45. Kf1 Re1+ 46. Kg2 R8e2+
47. Kh3 Qxf4 0-1

[Event "15th LCC Super Rapid 2025"]
[Site "London ENG"]
[Date "2025.12.07"]
[Round "8.14"]
[White "Iniyan, Pa"]
[Black "Willow, Jonah B"]
[Result "1-0"]
[WhiteTitle "GM"]
[BlackTitle "IM"]
[WhiteElo "2601"]
[BlackElo "2472"]
[WhiteFideId "25002767"]
[BlackFideId "438804"]
[EventDate "2025.12.06"]

1. d4 d6 2. Nf3 Nf6 3. Bf4 g6 4. Nc3 Bf5 5. h3 Bg7 6. g4 Bd7 7. e4 O-O 8. e5 Ne8
9. Bc4 c5 10. dxc5 Qa5 11. Qe2 Qxc5 12. O-O-O Bc6 13. Nd5 dxe5 14. Nxe5 Bxd5 15.
Rxd5 Qc8 16. Rhd1 Nd6 17. Bb3 a5 18. Rxd6 exd6 19. Nxf7 Rxf7 20. Qe7 Qf8 21.
Qxb7 Nd7 22. Bxf7+ Kxf7 23. Qd5+ 1-0

[Event "15th LCC Super Rapid 2025"]
[Site "London ENG"]
[Date "2025.12.07"]
[Round "8.15"]
[White "Aghayev, Miragha"]
[Black "Kalavannan, Koby"]
[Result "1-0"]
[WhiteTitle "IM"]
[BlackTitle "FM"]
[WhiteElo "2430"]
[BlackElo "2275"]
[WhiteFideId "818070"]
[BlackFideId "425753"]
[EventDate "2025.12.06"]

1. d4 Nf6 2. Nf3 g6 3. g3 Bg7 4. Bg2 O-O 5. O-O b6 6. Ne5 d5 7. c4 Bb7 8. Nc3 c6
9. Qa4 Nbd7 10. Nxc6 Bxc6 11. Qxc6 Rc8 12. Qa4 Rxc4 13. Qxa7 Rxd4 14. Be3 Rb4
15. Qa3 Rc4 16. Nxd5 Nxd5 17. Bxd5 Rc2 18. Rab1 Rxe2 19. Bc4 Rc2 20. Qb3 Rxc4
21. Qxc4 Qa8 22. Rfd1 Ne5 23. Qd5 Qc8 24. Bxb6 Qg4 25. Kg2 e6 26. f3 Qb4 27. Qb3
Qe7 28. Bd4 Rc8 29. Rbc1 Ra8 30. f4 Ng4 31. Qf3 Rxa2 32. Rc8+ Bf8 33. Rxf8+ Qxf8
34. Qxg4 Ra5 35. Bf6 Ra8 36. Qf3 Rc8 37. Qb7 Re8 38. Qd7 Rb8 39. Qd8 1-0

[Event "15th LCC Super Rapid 2025"]
[Site "London ENG"]
[Date "2025.12.07"]
[Round "8.16"]
[White "Manmay Chopra"]
[Black "Pranav, Anand"]
[Result "0-1"]
[WhiteTitle "CM"]
[BlackTitle "GM"]
[WhiteElo "2142"]
[BlackElo "2581"]
[WhiteFideId "25649191"]
[BlackFideId "46626786"]
[EventDate "2025.12.06"]

1. Nf3 Nf6 2. g3 d5 3. Bg2 e6 4. O-O c5 5. c4 d4 6. e3 Nc6 7. exd4 cxd4 8. d3
Bc5 9. Bg5 h6 10. Bxf6 gxf6 11. Na3 h5 12. Nc2 Kf8 13. a3 a5 14. b4 axb4 15.
axb4 Rxa1 16. Qxa1 Nxb4 17. Nxb4 Bxb4 18. Qxd4 Kg7 19. Rb1 Be7 20. Qxd8 Rxd8 21.
d4 Rd7 22. Rb5 Rc7 23. Nd2 f5 24. c5 e5 25. c6 e4 26. cxb7 Rxb7 27. Rxb7 Bxb7
28. Nc4 Kg6 29. f3 Bf6 30. Ne5+ Bxe5 31. dxe5 e3 32. Kf1 f4 33. Bh3 Kg5 34. Ke2
Ba6+ 35. Ke1 Bc4 36. Bd7 h4 37. g4 Kg6 38. Bf5+ Kg7 39. g5 Kf8 40. g6 fxg6 41.
Bxg6 Ke7 42. Bf5 Kd8 43. Kd1 Kc7 44. Ke1 Kc6 45. Bg6 Kc5 46. Bh7 Kd4 47. Bc2
Kxe5 48. Ba4 Kd4 49. Bd7 Kc3 50. Bf5 Bd5 51. Ke2 Bxf3+ 0-1

[Event "15th LCC Super Rapid 2025"]
[Site "London ENG"]
[Date "2025.12.07"]
[Round "8.17"]
[White "Tulchynskyi, Feliks"]
[Black "Maier, Christian"]
[Result "1-0"]
[WhiteTitle "IM"]
[BlackTitle "IM"]
[WhiteElo "2409"]
[BlackElo "2192"]
[WhiteFideId "34127895"]
[BlackFideId "4601955"]
[EventDate "2025.12.06"]

1. d4 Nf6 2. c4 e6 3. Nc3 Bb4 4. e3 Bxc3+ 5. bxc3 c5 6. Bd3 d6 7. Ne2 Nc6 8. O-O
Qe7 9. e4 Bd7 10. f4 O-O-O 11. d5 Na5 12. e5 Ne8 13. Ng3 f6 14. f5 exd5 15. e6
Bc6 16. cxd5 Bxd5 17. Qa4 b6 18. Bb5 Nc7 19. Bd7+ Rxd7 20. exd7+ Qxd7 21. Qg4
Nc4 22. Nh5 Rg8 23. Nf4 Bf7 24. Qh3 h6 25. Be3 Ne5 26. a4 Kb7 27. a5 b5 28. Rfd1
Qc6 29. Qg3 Ka6 30. Bf2 Bb3 31. Rd2 Bf7 32. Rad1 Nc4 33. Re2 Ne5 34. Nd3 Bh5 35.
Rxe5 fxe5 36. Re1 Re8 37. Qxg7 Rg8 38. Qxg8 1-0

[Event "15th LCC Super Rapid 2025"]
[Site "London ENG"]
[Date "2025.12.07"]
[Round "8.18"]
[White "Gaal, Zsoka"]
[Black "Royal, Shreyas"]
[Result "1-0"]
[WhiteTitle "IM"]
[BlackTitle "GM"]
[WhiteElo "2383"]
[BlackElo "2495"]
[WhiteFideId "777765"]
[BlackFideId "448869"]
[EventDate "2025.12.06"]

1. c4 c5 2. Nc3 Nc6 3. Nf3 Nf6 4. d4 cxd4 5. Nxd4 e6 6. e4 Bb4 7. Nxc6 bxc6 8.
Bd3 e5 9. O-O O-O 10. h3 h6 11. Qc2 d6 12. Be3 Bc5 13. Bxc5 dxc5 14. Rad1 Qe7
15. Be2 Be6 16. Qa4 Rfc8 17. Rd2 Rab8 18. Rfd1 Rb4 19. Qa5 Kh7 20. b3 Rb7 21.
Rd6 Ne8 22. R6d3 Nf6 23. Bf3 g5 24. Na4 g4 25. hxg4 Bxg4 26. Qxc5 Bxf3 27. Rxf3
Nxe4 28. Qe3 Ng5 29. Rf5 f6 30. Nc5 Rbc7 31. Ne4 Rd8 32. Rxd8 Qxd8 33. Nxf6+ Kg6
34. Qxe5 Re7 35. Qf4 Rf7 36. Qe5 Rxf6 37. Rxf6+ Qxf6 38. Qe8+ Nf7 39. Qe4+ Kg7
40. Qe3 a5 41. Qg3+ Qg5 42. Qc7 Qc5 43. Qd7 Kf6 44. g3 Qd6 45. Qa7 Qe5 46. Qb6
Qe1+ 47. Kg2 Qe4+ 48. Kg1 Ng5 49. Qd8+ Kg6 50. Qxa5 Kh5 51. Qc5 Kg4 52. Qe3 Nf3+
53. Kg2 Nh4+ 54. Kf1 Qxe3 55. fxe3 Nf5 56. Kf2 Nxg3 57. b4 Ne4+ 58. Kg2 Nc3 59.
b5 1-0

[Event "15th LCC Super Rapid 2025"]
[Site "London ENG"]
[Date "2025.12.07"]
[Round "8.19"]
[White "Dishman, Stephen"]
[Black "Roebers, Eline"]
[Result "0-1"]
[WhiteTitle "FM"]
[BlackTitle "IM"]
[WhiteElo "2239"]
[BlackElo "2392"]
[WhiteFideId "403024"]
[BlackFideId "1058401"]
[EventDate "2025.12.06"]

1. d4 d6 2. e4 Nf6 3. Nc3 Nbd7 4. Nf3 e5 5. Bc4 Be7 6. O-O O-O 7. a4 c6 8. Re1
h6 9. h3 Re8 10. b3 b6 11. Bb2 Rb8 12. d5 Bb7 13. dxc6 Bxc6 14. Nd5 Bf8 15. Ba3
Qc8 16. Qe2 Nxd5 17. exd5 Bb7 18. Nd2 Nf6 19. Qd3 Nh5 20. Ne4 Qc7 21. g3 f5 22.
Nc3 e4 23. Qe2 Nf6 24. Rad1 Qf7 25. Qd2 a6 26. Qe2 f4 27. g4 Qg6 28. Qf1 f3 29.
Kh1 Bc8 30. Qg1 Re5 31. Qg3 h5 32. Bc1 hxg4 33. h4 Nh5 34. Qxe5 dxe5 35. d6+ Kh8
36. Nxe4 b5 37. axb5 axb5 38. Bd5 Bb7 39. Bxb7 Rxb7 40. d7 Rxd7 41. Rxd7 g3 42.
Ng5 gxf2 43. Red1 Qxc2 44. Rd8 f1=Q+ 0-1

[Event "15th LCC Super Rapid 2025"]
[Site "London ENG"]
[Date "2025.12.07"]
[Round "8.20"]
[White "Badacsonyi, Stanley"]
[Black "Noy, Eyal"]
[Result "0-1"]
[WhiteTitle "FM"]
[BlackTitle "FM"]
[WhiteElo "2316"]
[BlackElo "2275"]
[WhiteFideId "486973"]
[BlackFideId "2821117"]
[EventDate "2025.12.06"]

1. d4 Nf6 2. c4 e6 3. Nc3 Bb4 4. e3 O-O 5. Bd2 c5 6. a3 Bxc3 7. Bxc3 Ne4 8. Ne2
b6 9. d5 Bb7 10. f3 Nxc3 11. Nxc3 exd5 12. cxd5 d6 13. e4 f5 14. Be2 Nd7 15.
exf5 Rxf5 16. O-O Qh4 17. g3 Qh6 18. f4 Rff8 19. Qd2 Nf6 20. Bf3 Bc8 21. Rfe1
Bd7 22. Re7 Rae8 23. Rae1 Rxe7 24. Rxe7 Re8 25. Qe2 Qg6 26. Rxe8+ Qxe8 27. Qd2
a5 28. Kf2 b5 29. Qe2 Qxe2+ 30. Kxe2 b4 31. Nd1 g6 32. Ne3 Ba4 33. Kd2 Bb3 34.
Bd1 Ba2 35. axb4 axb4 36. b3 Bb1 37. Bc2 Ne4+ 38. Kd3 Bxc2+ 39. Kxc2 Kf7 40. Kd3
Nc3 41. g4 Nb5 42. Nc2 Kf6 43. Ne3 Nd4 44. Kc4 Ke7 45. g5 Kf7 46. h4 Ke7 47. Ng2
Nf5 48. Kd3 Kf8 49. Kc4 Kf7 50. Kd3 Ke7 51. Kc4 Nd4 52. Ne3 Nf3 53. Ng4 Nxh4 54.
Nf6 h5 55. Kb5 Nf5 56. Kc6 Nd4+ 57. Kc7 h4 58. Ng8+ Kf8 59. Nf6 h3 60. Ng4 Ke7
61. Nh2 Nxb3 62. f5 gxf5 63. g6 Nd2 64. g7 Kf7 65. Kxd6 b3 66. Kc7 Ne4 67. Nf3
b2 68. Nd2 Nf6 69. d6 h2 0-1

[Event "15th LCC Super Rapid 2025"]
[Site "London ENG"]
[Date "2025.12.07"]
[Round "8.21"]
[White "Stoyanov, Viktor"]
[Black "Bulmaga, Irina"]
[Result "0-1"]
[WhiteTitle "FM"]
[BlackTitle "IM"]
[WhiteElo "2239"]
[BlackElo "2386"]
[WhiteFideId "450308"]
[BlackFideId "13903063"]
[EventDate "2025.12.06"]

1. c4 Nf6 2. Nc3 e6 3. Nf3 d5 4. e3 b6 5. b3 Bb7 6. Bb2 Nbd7 7. d4 a6 8. Bd3 Bd6
9. O-O O-O 10. Rc1 Re8 11. Qc2 dxc4 12. bxc4 Bxf3 13. gxf3 c5 14. Ne4 Nxe4 15.
fxe4 cxd4 16. exd4 Bf4 17. Rce1 e5 18. d5 Nc5 19. f3 Qh4 20. Re2 Rad8 21. Rg2
Rd6 22. Qe2 Nxd3 23. Qxd3 Rg6 24. Rf2 Qxh2+ 25. Kf1 Qh1+ 0-1

[Event "15th LCC Super Rapid 2025"]
[Site "London ENG"]
[Date "2025.12.07"]
[Round "8.22"]
[White "Hanache, Kai"]
[Black "Stefanova, Antoaneta"]
[Result "0-1"]
[BlackTitle "GM"]
[WhiteElo "2122"]
[BlackElo "2391"]
[WhiteFideId "490105"]
[BlackFideId "2902257"]
[EventDate "2025.12.06"]

1. e4 c6 2. d4 d5 3. e5 c5 4. dxc5 e6 5. a3 Bxc5 6. Qg4 Bf8 7. Nf3 Qc7 8. Nc3 a6
9. Bd3 Nd7 10. Bf4 Nc5 11. Be2 Ne7 12. Nd4 Ng6 13. Qg3 Be7 14. O-O O-O 15. Rfe1
Nxf4 16. Qxf4 f6 17. Nf3 Nd7 18. Qh4 Nxe5 19. Nd4 Ng6 20. Qg3 Bd6 21. Qh3 Nf4
22. Qh4 e5 23. Nb3 g5 24. Qh6 Rf7 25. Bh5 Bf8 26. Bxf7+ Qxf7 27. Qxf8+ Kxf8 28.
Rad1 Bf5 29. Rd2 Rc8 30. Rc1 d4 31. Ne2 Nxe2+ 32. Rxe2 Qxb3 0-1

[Event "15th LCC Super Rapid 2025"]
[Site "London ENG"]
[Date "2025.12.07"]
[Round "8.23"]
[White "Nainys, Zanas"]
[Black "Banerjee, Supratit"]
[Result "0-1"]
[BlackTitle "FM"]
[WhiteElo "2320"]
[BlackElo "2323"]
[WhiteFideId "12844098"]
[BlackFideId "2410079"]
[EventDate "2025.12.06"]

1. d4 Nf6 2. c4 g6 3. Nc3 Bg7 4. e4 d6 5. Nf3 O-O 6. Bd3 a5 7. O-O Nc6 8. d5 Nb4
9. Bb1 Bg4 10. h3 Bxf3 11. Qxf3 Nd7 12. Re1 c6 13. Be3 Rc8 14. Qe2 Ne5 15. a3
Na6 16. Ba2 Nd7 17. Rac1 Nac5 18. f3 a4 19. Rc2 Qa5 20. Rd1 Qa6 21. Qf1 Nb3 22.
Bf2 Nb6 23. c5 Qxf1+ 24. Kxf1 Nxc5 25. dxc6 Rxc6 26. Bd4 Bxd4 27. Rxd4 Nb3 28.
Rb4 Nc4 29. Bxb3 axb3 30. Re2 Nxb2 31. Rxb3 Nd3 32. Re3 Nc5 33. Nd5 Re8 34. Rb5
Kg7 35. e5 dxe5 36. Rxe5 Nd3 37. Re3 e6 38. Rxb7 Nc5 39. Rb5 Na4 40. Ra5 Rc1+
41. Kf2 Nb2 42. Rc3 Nd1+ 0-1

[Event "15th LCC Super Rapid 2025"]
[Site "London ENG"]
[Date "2025.12.07"]
[Round "8.24"]
[White "Southcott-Moyers, Indy"]
[Black "Balaji, Aaravamudhan"]
[Result "1-0"]
[WhiteTitle "FM"]
[BlackTitle "IM"]
[WhiteElo "2272"]
[BlackElo "2305"]
[WhiteFideId "488542"]
[BlackFideId "436224"]
[EventDate "2025.12.06"]

1. d4 d6 2. g3 g6 3. Bg2 Bg7 4. c4 Nc6 5. Nf3 Bd7 6. Nc3 Qc8 7. d5 Ne5 8. Nxe5
Bxe5 9. h4 h5 10. Be3 c5 11. Qd2 a6 12. a4 b5 13. axb5 axb5 14. Rxa8 Qxa8 15.
cxb5 Qa1+ 16. Qc1 Qxc1+ 17. Bxc1 Bxc3+ 18. bxc3 Bxb5 19. Bg5 Nf6 20. Kd2 O-O 21.
Rb1 Bc4 22. Bxf6 exf6 23. Rb6 Rd8 24. Bf3 f5 25. Rb7 Kf8 26. Ra7 Kg7 27. Ra4 Bb5
28. Ra5 Rb8 29. Ra7 Kf6 30. Kc2 Bc4 31. Rd7 Rb6 32. Ra7 Ra6 33. Rd7 Bb5 34. Rb7
Be8 35. Kb2 Ra5 36. Kc2 Ba4+ 37. Kd2 Rb5 38. Ra7 Rb2+ 39. Kc1 Rc2+ 40. Kb1 Bb3
41. Rd7 Ke5 42. Re7+ Kf6 43. Rd7 Ke5 44. Re7+ Kf6 45. Rd7 c4 46. Rxd6+ Ke7 47.
Rb6 Rxc3 48. d6+ Ke6 49. Bd5+ Kf6 50. Rb7 Bc2+ 51. Kb2 Rb3+ 52. Kxc2 1-0

[Event "15th LCC Super Rapid 2025"]
[Site "London ENG"]
[Date "2025.12.07"]
[Round "8.25"]
[White "Vaidyanathan, Sathya"]
[Black "Tica, Sven"]
[Result "0-1"]
[BlackTitle "IM"]
[WhiteElo "1785"]
[BlackElo "2441"]
[WhiteFideId "490539"]
[BlackFideId "14526948"]
[EventDate "2025.12.06"]

1. e4 g6 2. d4 Bg7 3. Nc3 a6 4. a4 d6 5. Be3 Nd7 6. h4 h6 7. g4 e5 8. d5 Ne7 9.
Qd2 f5 10. f3 Nf6 11. gxf5 gxf5 12. Bh3 f4 13. Bf2 Bxh3 14. Nxh3 Nh5 15. Ne2 Bf6
16. O-O-O Ng6 17. Rdg1 Kf7 18. Rg4 Qd7 19. Nc3 Rhg8 20. Rhg1 Be7 21. Qe1 Nf6 22.
h5 Nh8 23. Rxg8 Rxg8 24. Rxg8 Kxg8 25. Qg1+ Kh7 26. Qh2 Qe8 27. Nxf4 exf4 28.
Qxf4 Qxh5 29. Bd4 Ng6 30. Qe3 Qh1+ 31. Nd1 Nxd5 32. Qb3 Bg5+ 0-1

[Event "15th LCC Super Rapid 2025"]
[Site "London ENG"]
[Date "2025.12.07"]
[Round "8.26"]
[White "Cancedda-Dupuis, Livio"]
[Black "Bonn, Thomas"]
[Result "1-0"]
[WhiteElo "2160"]
[BlackElo "2090"]
[WhiteFideId "499447"]
[BlackFideId "638242"]
[EventDate "2025.12.06"]

1. e4 c5 2. Nc3 Nc6 3. Nge2 g6 4. d4 cxd4 5. Nxd4 Bg7 6. Be3 Nf6 7. Bc4 Qa5 8.
O-O d6 9. f3 O-O 10. Bb3 Bd7 11. Qd2 Rac8 12. Nxc6 bxc6 13. a4 Be6 14. Bxe6 fxe6
15. Rab1 c5 16. e5 dxe5 17. Bh6 Bxh6 18. Qxh6 c4 19. Rfe1 e4 20. Nxe4 Qxa4 21.
Ra1 Qxc2 22. Ng5 Qxb2 23. Nxe6 Rf7 24. Ng5 Rff8 25. Kh1 Qd2 26. Rxe7 1-0

[Event "15th LCC Super Rapid 2025"]
[Site "London ENG"]
[Date "2025.12.07"]
[Round "8.27"]
[White "Hunt, Harriet V"]
[Black "Dupuis, Denis K"]
[Result "1-0"]
[WhiteTitle "IM"]
[WhiteElo "2288"]
[BlackElo "2005"]
[WhiteFideId "403512"]
[BlackFideId "452980"]
[EventDate "2025.12.06"]

1. e4 e5 2. Nf3 Nc6 3. Bb5 f5 4. Nc3 fxe4 5. Nxe4 Nf6 6. Qe2 d5 7. Nxf6+ gxf6 8.
d4 Bg7 9. dxe5 O-O 10. Bxc6 bxc6 11. e6 Re8 12. O-O Rxe6 13. Be3 c5 14. Qd2 Ba6
15. Rfe1 Re4 16. Bxc5 f5 17. c3 Qd7 18. Rad1 Rae8 19. Be3 c6 20. Ng5 R4e7 21. h3
Qd6 22. Nf3 Qg6 23. Qc2 Re4 24. Bd4 Bf8 25. Ne5 Qd6 26. Rxe4 fxe4 27. Ng4 Re6
28. Qd2 h5 29. Qg5+ Rg6 30. Qxh5 Bg7 31. Ne5 Bxe5 32. Bxe5 Qe6 33. Qh8+ Kf7 34.
Qh7+ Ke8 35. Re1 Rh6 36. Qxa7 Bc8 37. Bg3 Qf5 38. Qe3 Rh7 39. a4 Qh5 40. h4 Qg4
41. b4 Rf7 42. b5 cxb5 43. axb5 Kf8 44. Qd4 Bb7 45. Ra1 Qe2 46. b6 Qb5 47. Ra7
Qb1+ 48. Kh2 Ke8 49. Qh8+ Rf8 50. Qe5+ 1-0

[Event "15th LCC Super Rapid 2025"]
[Site "London ENG"]
[Date "2025.12.07"]
[Round "8.28"]
[White "Aizenberg, Benny"]
[Black "Udovenko, Daniel"]
[Result "1-0"]
[WhiteTitle "IM"]
[WhiteElo "2444"]
[BlackElo "1927"]
[WhiteFideId "2821125"]
[BlackFideId "30957508"]
[EventDate "2025.12.06"]

1. e4 c5 2. Nf3 d6 3. d4 Nf6 4. Nc3 cxd4 5. Nxd4 a6 6. h3 e5 7. Nb3 Be7 8. g4 h6
9. Be3 Nbd7 10. Qf3 Nf8 11. O-O-O Ng6 12. Kb1 b5 13. Bd3 O-O 14. Rdg1 b4 15. Nd5
Nxd5 16. exd5 a5 17. Nd2 Bb7 18. h4 Bxh4 19. g5 hxg5 20. Qh5 Re8 21. Rxg5 e4 22.
Nxe4 Re5 23. Rxh4 Nxh4 24. Qxh4 Bxd5 25. Rxg7+ Kf8 26. Nf6 Be6 27. Rg8+ Ke7 28.
Rxd8 Rxd8 29. Nd5+ 1-0

[Event "15th LCC Super Rapid 2025"]
[Site "London ENG"]
[Date "2025.12.07"]
[Round "8.29"]
[White "Rendle, Thomas E"]
[Black "Eames, Robert S"]
[Result "1-0"]
[WhiteTitle "IM"]
[BlackTitle "FM"]
[WhiteElo "2370"]
[BlackElo "2110"]
[WhiteFideId "408760"]
[BlackFideId "408743"]
[EventDate "2025.12.06"]

1. d4 Nf6 2. c4 e6 3. g3 Bb4+ 4. Nd2 Be7 5. Bg2 d5 6. Ngf3 c5 7. cxd5 exd5 8.
dxc5 Bxc5 9. O-O O-O 10. Nb3 Bb6 11. Nbd4 Nc6 12. b3 Bg4 13. Bb2 Re8 14. Nxc6
bxc6 15. Ne5 Bd7 16. Rc1 Rc8 17. e3 Re6 18. Nxd7 Nxd7 19. Bh3 Rh6 20. Qg4 1-0

[Event "15th LCC Super Rapid 2025"]
[Site "London ENG"]
[Date "2025.12.07"]
[Round "8.30"]
[White "Walker, Samuel A"]
[Black "Emms, John M"]
[Result "0-1"]
[BlackTitle "GM"]
[WhiteElo "2047"]
[BlackElo "2412"]
[WhiteFideId "412813"]
[BlackFideId "400254"]
[EventDate "2025.12.06"]

1. Nf3 d5 2. g3 g6 3. Bg2 Bg7 4. d4 Nf6 5. O-O O-O 6. c4 c6 7. cxd5 cxd5 8. Ne5
Nc6 9. Nc3 Bf5 10. Bf4 Rc8 11. Qa4 Qb6 12. Nxc6 bxc6 13. b3 Nd7 14. Be3 a5 15.
Rac1 Rfe8 16. Rfd1 h5 17. h3 Qb4 18. Qxb4 axb4 19. Na4 e5 20. dxe5 Bxe5 21. Bd4
Bxd4 22. Rxd4 Rxe2 23. Bxd5 Ne5 24. g4 cxd5 0-1

[Event "15th LCC Super Rapid 2025"]
[Site "London ENG"]
[Date "2025.12.07"]
[Round "8.31"]
[White "Sivanandan, Bodhana"]
[Black "Gasanov, Eldar"]
[Result "0-1"]
[WhiteTitle "WIM"]
[BlackTitle "GM"]
[WhiteElo "2233"]
[BlackElo "2447"]
[WhiteFideId "497592"]
[BlackFideId "14104466"]
[EventDate "2025.12.06"]

1. e4 c5 2. Nf3 Nc6 3. Bb5 Nf6 4. e5 Nd5 5. Nc3 Nc7 6. Bxc6 dxc6 7. O-O Bg4 8.
Re1 e6 9. h3 Bh5 10. d3 Be7 11. Ne4 h6 12. Ng3 Bg6 13. Qe2 Nd5 14. Be3 Qc7 15.
c3 Nxe3 16. Qxe3 Rd8 17. Rad1 O-O 18. Rd2 Rd7 19. Red1 Rfd8 20. d4 cxd4 21. Nxd4
Rd5 22. Nf3 Rxd2 23. Rxd2 c5 24. Rxd8+ Qxd8 25. Qd2 Qc7 26. Ne2 Qc6 27. c4 Kf8
28. Nc3 a6 29. b3 Ke8 30. Qe3 Kd8 31. Nd2 Kc8 32. Nde4 b6 33. f3 Qd7 34. Qd2
Qd4+ 35. Qxd4 cxd4 36. Nd1 f6 37. exf6 gxf6 38. Kf1 f5 39. Nef2 e5 40. Nd3 Bd6
41. g4 fxg4 42. Ne1 gxf3 43. Nxf3 Bh5 44. Kf2 e4 45. Nxd4 Bc5 46. Ke3 Bxd1 47.
Kxe4 Bxd4 48. Kxd4 a5 49. c5 b5 50. c6 a4 51. Kc5 axb3 52. axb3 Be2 53. Kd6 Bd1
54. Kc5 Bxb3 55. Kxb5 Kc7 56. Kc5 Ba2 57. h4 h5 58. Kb5 Bd5 59. Kc5 Bxc6 60. Kd4
Kd6 61. Ke3 Ke5 62. Kf2 Kf4 63. Kg1 Kg3 0-1

[Event "15th LCC Super Rapid 2025"]
[Site "London ENG"]
[Date "2025.12.07"]
[Round "8.32"]
[White "Timmermans, Mark"]
[Black "Batchelor, Mark"]
[Result "1-0"]
[WhiteTitle "IM"]
[WhiteElo "2409"]
[BlackElo "1814"]
[WhiteFideId "1026399"]
[BlackFideId "343452213"]
[EventDate "2025.12.06"]

1. b4 e5 2. Bb2 Bxb4 3. Bxe5 Nf6 4. Nc3 Nc6 5. Bxf6 Qxf6 6. Nd5 Qe5 7. c4 Ba5 8.
Nf3 Qh5 9. e3 d6 10. Be2 Qg6 11. O-O O-O 12. d4 Re8 13. Qa4 Bd7 14. Nf4 Qf6 15.
Rab1 Bb6 16. Qc2 Bf5 17. Bd3 Bxd3 18. Qxd3 Ne7 19. Rfc1 Rab8 20. h3 c6 21. d5 g5
22. Nh5 Qh6 23. Ng3 cxd5 24. cxd5 Qg6 25. Qxg6+ hxg6 26. e4 f6 27. Rc4 Rbc8 28.
Rbc1 Kf7 29. Kf1 Rxc4 30. Rxc4 Rc8 31. Rxc8 Nxc8 32. Ke2 Bc5 33. Nd2 b5 34. f3
a5 35. Kd3 a4 36. Ne2 Nb6 37. Nc3 b4 38. Ncb1 f5 39. Nc4 Nxc4 40. Kxc4 Kf6 41.
g3 fxe4 42. fxe4 Ke5 43. Kd3 Bf2 44. Nd2 Bxg3 45. Nc4+ Kf6 46. Nb6 Be1 47. Nxa4
g4 48. hxg4 Kg5 49. Ke2 Kxg4 50. Kxe1 Kf4 51. Nc5 Ke5 52. Nd3+ Kxe4 53. Nxb4 Kd4
54. a4 Kc5 55. a5 Kb5 56. a6 1-0

[Event "15th LCC Super Rapid 2025"]
[Site "London ENG"]
[Date "2025.12.07"]
[Round "8.33"]
[White "Terler, Bohdan"]
[Black "Camacho Collados, Jose"]
[Result "0-1"]
[BlackTitle "IM"]
[WhiteElo "2082"]
[BlackElo "2364"]
[WhiteFideId "34102264"]
[BlackFideId "2265427"]
[EventDate "2025.12.06"]

1. e4 c5 2. Be2 Nc6 3. f4 g6 4. Nf3 Bg7 5. O-O Nf6 6. d3 d6 7. c3 O-O 8. Kh1 b5
9. a3 Rb8 10. Be3 a5 11. Nbd2 b4 12. d4 bxc3 13. bxc3 cxd4 14. cxd4 Bb7 15. d5
Ng4 16. Bg1 Bxa1 17. Qxa1 Qd7 18. dxc6 Bxc6 19. Nd4 Rfc8 20. Nxc6 Rxc6 21. Rb1
Rxb1 22. Qxb1 Qc8 23. h3 Nf2+ 24. Kh2 Rc2 25. Ba6 Qc3 26. Nf3 Rb2 27. Qe1 Qxf3
28. gxf3 Nd3+ 29. Kg3 Nxe1 30. Bf2 Nc2 31. a4 Rb4 32. Bb5 Nd4 33. Be1 Rb1 34.
Bxa5 Nxb5 35. axb5 Rxb5 36. Bd8 Kf8 37. e5 dxe5 38. fxe5 Rxe5 39. Kf4 Rb5 40.
Bc7 f6 41. h4 Kf7 42. Kg4 Rb4+ 43. Kg3 Ra4 44. Bb6 e5 45. Bc7 Ke6 46. Bd8 Ra6
47. Bc7 Kd7 48. Bb8 Ra8 49. Bxe5 fxe5 50. h5 Ke6 51. hxg6 hxg6 52. Kg4 Rf8 53.
Kg3 Rf4 54. Kg2 e4 55. fxe4 Ke5 56. Kg3 Kxe4 0-1

[Event "15th LCC Super Rapid 2025"]
[Site "London ENG"]
[Date "2025.12.07"]
[Round "8.34"]
[White "Bansal, Saahil"]
[Black "Tayar, Jonathan"]
[Result "0-1"]
[BlackTitle "IM"]
[WhiteElo "2016"]
[BlackElo "2325"]
[WhiteFideId "438316"]
[BlackFideId "2606534"]
[EventDate "2025.12.06"]

1. e4 c5 2. Nf3 d6 3. Bb5+ Nc6 4. O-O Bd7 5. c3 Nf6 6. Re1 a6 7. Ba4 b5 8. Bc2
Bg4 9. h3 Bxf3 10. Qxf3 g6 11. d3 Bg7 12. Bf4 Nd7 13. Nd2 O-O 14. Rad1 b4 15.
Nb1 Rb8 16. Ba4 Qc7 17. d4 bxc3 18. bxc3 cxd4 19. Bxc6 Qxc6 20. cxd4 Rb4 21. Rc1
Qb7 22. d5 Nc5 23. Nc3 Rc4 24. Ne2 Rxc1 25. Rxc1 Qb2 26. Ng3 Qxa2 27. e5 dxe5
28. Rxc5 exf4 29. Qxf4 Qa1+ 30. Rc1 Qb2 31. Re1 Bf6 32. d6 exd6 33. Ne4 Be5 34.
Qh6 Bg7 35. Qh4 Qd4 36. Qe7 Be5 37. Qb7 a5 38. Ng5 Qb4 39. Qxb4 axb4 40. Rb1 Rb8
41. Ne4 b3 42. Nd2 b2 43. Nc4 Rb4 44. Nxe5 dxe5 45. Kf1 Kg7 46. Ke2 Kf6 47. Kd3
Kf5 48. Kc3 Rb7 49. Rxb2 Rxb2 50. Kxb2 Ke4 51. Kc3 f5 52. Kc4 g5 53. Kc3 h5 54.
Kc4 h4 55. f3+ Kf4 56. Kd5 e4 57. fxe4 fxe4 58. Kd4 Kf5 0-1